[Event "DEM U18 2021"]
[Site "Willingen GER"]
[Date "2021.08.23"]
[Round "2"]
[White "Schmitt, Daniel"]
[Black "Nguyen, Alex Dac-Vuong"]
[Result "1/2-1/2"]
[Termination "normal"]
[Board "6"]
[BlackTitle "FM"]
[WhiteElo "1966"]
[BlackElo "2290"]
[WhiteClock "00:00:57"]
[BlackClock "00:01:33"]
[PlyCount "77"]
[WhiteFideId "16279018"]
[BlackFideId "12984388"]
[EventCountry "GER"]
[EventRounds "9"]
[EventType "swiss"]
[EventDate "2021.08.22"]

1. e4 {[%clk 1:30:57]} c5 {[%clk 1:30:57]} 2. Nf3 {[%clk 1:31:18]} d6 {[%clk
1:31:21]} 3. d4 {[%clk 1:31:42]} cxd4 {[%clk 1:31:47]} 4. Nxd4 {[%clk 1:32:03]}
Nf6 {[%clk 1:32:12]} 5. Nc3 {[%clk 1:32:00]} a6 {[%clk 1:32:37]} 6. Be2 {[%clk
1:32:23]} e6 {[%clk 1:31:44]} 7. O-O {[%clk 1:32:40]} Qc7 {[%clk 1:29:11]} 8.
f4 {[%clk 1:29:51]} Nbd7 {[%clk 1:29:16]} 9. Bf3 {[%clk 1:27:57]} Be7 {[%clk
1:25:13]} 10. g4 {[%clk 1:24:19]} h6 {[%clk 1:23:53]} 11. Kh1 {[%clk 1:18:08]}
g5 {[%clk 1:13:10]} 12. f5 {[%clk 1:03:26]} Ne5 {[%clk 1:11:05]} 13. a4 {[%clk
0:57:22]} Bd7 {[%clk 1:08:58]} 14. Be3 h5 {[%clk 1:02:21]} 15. gxh5 {[%clk
0:47:03]} g4 {[%clk 0:40:08]} 16. fxe6 {[%clk 0:37:05]} fxe6 {[%clk 0:40:08]}
17. Be2 {[%clk 0:37:05]} Rxh5 {[%clk 0:40:08]} 18. Rxf6 {[%clk 0:37:05]} Bxf6
19. Bxg4 Rh4 {[%clk 0:40:08]} 20. Bh5+ {[%clk 0:30:45]} Kd8 {[%clk 0:29:28]}
21. a5 {[%clk 0:18:52]} Qc4 {[%clk 0:22:09]} 22. Bf2 {[%clk 0:12:48]} Rh3
{[%clk 0:19:13]} 23. Kg2 {[%clk 0:09:08]} Rxc3 {[%clk 0:17:50]} 24. bxc3 {[%clk
0:08:46]} Ke7 {[%clk 0:16:37]} 25. Rb1 {[%clk 0:05:58]} Rg8+ {[%clk 0:17:02]}
26. Bg3 {[%clk 0:05:24]} Bh4 {[%clk 0:06:47]} 27. Rxb7 {[%clk 0:03:10]} Qxc3
{[%clk 0:07:10]} 28. Ne2 {[%clk 0:03:18]} Qxa5 {[%clk 0:05:47]} 29. Nf4 {[%clk
0:02:42]} Qc5 {[%clk 0:04:29]} 30. Qe2 {[%clk 0:01:32]} Bg5 {[%clk 0:03:14]}
31. Nd3 {[%clk 0:01:14]} Nxd3 {[%clk 0:02:51]} 32. cxd3 {[%clk 0:01:27]} Bf4
{[%clk 0:02:07]} 33. Qf3 {[%clk 0:00:43]} Qg5 {[%clk 0:01:36]} 34. Kf1 {[%clk
0:00:37]} e5 {[%clk 0:01:28]} 35. Bf2 {[%clk 0:00:38]} Kd8 {[%clk 0:01:15]} 36.
Bb6+ {[%clk 0:00:50]} Kc8 {[%clk 0:00:39]} 37. Rc7+ {[%clk 0:00:53]} Kd8 {[%clk
0:01:07]} 38. Rb7+ {[%clk 0:00:57]} Kc8 {[%clk 0:01:33]} 39. Rc7+ 1/2-1/2

[Event "DEM U18 2021"]
[Site "Willingen GER"]
[Date "2021.08.23"]
[Round "2"]
[White "Wachinger, Nikolas"]
[Black "Khachatryan, Taron"]
[Result "1-0"]
[Termination "normal"]
[Board "7"]
[WhiteElo "2361"]
[BlackElo "2065"]
[WhiteClock "00:27:04"]
[BlackClock "00:32:50"]
[PlyCount "49"]
[WhiteFideId "12962791"]
[BlackFideId "16216598"]
[EventCountry "GER"]
[EventRounds "9"]
[EventType "swiss"]
[EventDate "2021.08.22"]

1. e4 {[%clk 1:30:56]} c5 {[%clk 1:30:43]} 2. Nc3 {[%clk 1:31:17]} d6 {[%clk
1:30:20]} 3. d4 {[%clk 1:31:39]} cxd4 {[%clk 1:30:21]} 4. Qxd4 {[%clk 1:32:03]}
Nc6 {[%clk 1:30:29]} 5. Qd2 {[%clk 1:32:29]} g6 {[%clk 1:29:26]} 6. b3 {[%clk
1:30:11]} Bh6 {[%clk 1:28:01]} 7. f4 {[%clk 1:30:34]} f5 {[%clk 1:28:28]} 8.
Bb2 {[%clk 1:30:45]} Nf6 {[%clk 1:28:17]} 9. O-O-O {[%clk 1:31:01]} fxe4 {[%clk
1:26:27]} 10. h3 {[%clk 1:31:08]} O-O {[%clk 1:22:53]} 11. Nge2 {[%clk
1:29:24]} Qa5 {[%clk 1:19:49]} 12. g4 {[%clk 1:28:42]} Bg7 {[%clk 1:19:57]} 13.
Bg2 {[%clk 1:24:14]} Rb8 {[%clk 1:15:39]} 14. a3 {[%clk 1:19:01]} Bd7 {[%clk
1:11:06]} 15. Ng3 {[%clk 1:06:52]} b5 {[%clk 1:05:22]} 16. g5 {[%clk 0:58:28]}
Ne8 {[%clk 0:40:52]} 17. b4 {[%clk 0:43:52]} Qd8 18. Bxe4 {[%clk 0:33:39]} Nd4
19. h4 e6 {[%clk 0:40:52]} 20. h5 {[%clk 0:32:27]} Nf5 {[%clk 0:38:36]} 21.
hxg6 {[%clk 0:31:32]} hxg6 {[%clk 0:37:58]} 22. Nxf5 {[%clk 0:30:59]} gxf5
{[%clk 0:37:18]} 23. Qh2 {[%clk 0:27:00]} Rf7 {[%clk 0:32:45]} 24. Nd5 {[%clk
0:26:40]} Bxb2+ {[%clk 0:32:50]} 25. Kxb2 {[%clk 0:27:04]} 1-0

[Event "DEM U18 2021"]
[Site "Willingen GER"]
[Date "2021.08.23"]
[Round "2"]
[White "Suvorov, Luca"]
[Black "Lieberwirth, Kasimir"]
[Result "1-0"]
[Termination "normal"]
[Board "8"]
[WhiteTitle "FM"]
[WhiteElo "2292"]
[BlackElo "2074"]
[WhiteClock "00:22:01"]
[BlackClock "00:15:48"]
[PlyCount "99"]
[WhiteFideId "12977071"]
[BlackFideId "12988146"]
[EventCountry "GER"]
[EventRounds "9"]
[EventType "swiss"]
[EventDate "2021.08.22"]

1. d4 {[%clk 1:30:59]} d5 {[%clk 1:30:55]} 2. c4 {[%clk 1:31:20]} c6 {[%clk
1:31:22]} 3. Nc3 {[%clk 1:31:37]} Nf6 {[%clk 1:31:32]} 4. e3 {[%clk 1:31:47]}
e6 {[%clk 1:31:53]} 5. Nf3 {[%clk 1:31:53]} Nbd7 {[%clk 1:32:08]} 6. Qc2 {[%clk
1:31:51]} Bd6 {[%clk 1:32:29]} 7. Bd3 {[%clk 1:32:13]} O-O {[%clk 1:32:52]} 8.
O-O {[%clk 1:32:22]} dxc4 {[%clk 1:33:18]} 9. Bxc4 {[%clk 1:32:38]} b5 {[%clk
1:33:40]} 10. Be2 {[%clk 1:31:44]} Bb7 {[%clk 1:32:40]} 11. e4 {[%clk 1:26:19]}
e5 {[%clk 1:33:04]} 12. dxe5 {[%clk 1:25:55]} Nxe5 {[%clk 1:33:08]} 13. Nd4
{[%clk 1:25:14]} Neg4 {[%clk 1:21:27]} 14. g3 {[%clk 1:23:29]} Bc5 {[%clk
1:14:39]} 15. Nf5 {[%clk 1:22:35]} Qb6 {[%clk 1:07:50]} 16. Kg2 {[%clk
1:17:17]} Rad8 {[%clk 0:37:54]} 17. h3 Ne5 18. Bg5 {[%clk 0:33:31]} Ned7 {[%clk
0:33:49]} 19. Qc1 {[%clk 0:25:27]} Bc8 {[%clk 0:25:31]} 20. Qf4 {[%clk
0:19:08]} h6 {[%clk 0:12:38]} 21. Bxh6 {[%clk 0:16:45]} gxh6 {[%clk 0:12:23]}
22. Nxh6+ {[%clk 0:05:19]} Kh8 {[%clk 0:11:09]} 23. e5 {[%clk 0:04:33]} Qc7
{[%clk 0:07:35]} 24. Qh4 {[%clk 0:02:16]} Nh7 {[%clk 0:08:04]} 25. f4 {[%clk
0:01:57]} f5 {[%clk 0:06:20]} 26. Rad1 {[%clk 0:01:30]} Kg7 {[%clk 0:05:32]}
27. e6 {[%clk 0:00:41]} Nb6 {[%clk 0:05:08]} 28. Nxf5+ {[%clk 0:00:56]} Kh8
{[%clk 0:02:53]} 29. e7 {[%clk 0:00:42]} Rxd1 {[%clk 0:02:47]} 30. exf8=Q+
{[%clk 0:00:38]} Bxf8 {[%clk 0:03:14]} 31. Rxd1 {[%clk 0:00:49]} Bxf5 {[%clk
0:03:38]} 32. Bd3 {[%clk 0:00:34]} Be7 {[%clk 0:02:09]} 33. Qh5 {[%clk
0:00:42]} Bxd3 {[%clk 0:02:02]} 34. Rxd3 {[%clk 0:01:01]} Qc8 {[%clk 0:00:57]}
35. Re3 {[%clk 0:00:52]} Qd7 {[%clk 0:00:56]} 36. Qf7 {[%clk 0:00:33]} Nc8
{[%clk 0:00:49]} 37. Qe6 {[%clk 0:00:39]} Nf8 {[%clk 0:00:32]} 38. Qxd7 {[%clk
0:00:38]} Nxd7 {[%clk 0:01:00]} 39. Re6 {[%clk 0:00:35]} b4 {[%clk 0:00:39]}
40. Rxc6 {[%clk 0:00:32]} Ncb6 {[%clk 0:00:35]} 41. Ne4 {[%clk 0:27:54]} Kg7
{[%clk 0:28:11]} 42. h4 {[%clk 0:26:21]} a5 {[%clk 0:25:41]} 43. h5 {[%clk
0:25:17]} a4 {[%clk 0:23:48]} 44. g4 {[%clk 0:23:12]} Nd5 {[%clk 0:22:17]} 45.
Kf3 {[%clk 0:22:42]} a3 {[%clk 0:21:13]} 46. bxa3 {[%clk 0:23:01]} bxa3 {[%clk
0:21:38]} 47. Nc3 {[%clk 0:22:44]} N7f6 {[%clk 0:18:27]} 48. g5 {[%clk
0:21:27]} Nxc3 {[%clk 0:18:36]} 49. Rxc3 {[%clk 0:21:48]} Nd5 {[%clk 0:15:48]}
50. Rd3 {[%clk 0:22:01]} 1-0

[Event "DEM U18 2021"]
[Site "Willingen GER"]
[Date "2021.08.23"]
[Round "2"]
[White "Geltz, Noah"]
[Black "Kolb, Tobias"]
[Result "0-1"]
[Termination "normal"]
[Board "9"]
[BlackTitle "FM"]
[WhiteElo "2048"]
[BlackElo "2307"]
[WhiteClock "00:00:44"]
[BlackClock "00:36:26"]
[PlyCount "68"]
[WhiteFideId "16224256"]
[BlackFideId "12992321"]
[EventCountry "GER"]
[EventRounds "9"]
[EventType "swiss"]
[EventDate "2021.08.22"]

1. e4 {[%clk 1:30:57]} c6 {[%clk 1:30:52]} 2. d4 {[%clk 1:31:18]} d5 {[%clk
1:31:19]} 3. exd5 {[%clk 1:31:39]} cxd5 {[%clk 1:31:45]} 4. Bd3 {[%clk
1:32:03]} Nc6 {[%clk 1:32:10]} 5. c3 {[%clk 1:32:23]} Qc7 {[%clk 1:32:27]} 6.
Ne2 {[%clk 1:32:29]} Bg4 {[%clk 1:32:52]} 7. O-O {[%clk 1:32:13]} Nf6 {[%clk
1:32:53]} 8. Qe1 {[%clk 1:29:00]} e6 {[%clk 1:32:21]} 9. f3 {[%clk 1:28:22]}
Bh5 {[%clk 1:32:47]} 10. Bf4 {[%clk 1:24:26]} Bd6 {[%clk 1:31:08]} 11. Qg3
{[%clk 1:18:57]} Bxf4 {[%clk 1:31:14]} 12. Nxf4 {[%clk 1:17:25]} Bg6 {[%clk
1:31:20]} 13. Nxg6 {[%clk 1:15:02]} Qxg3 {[%clk 1:31:43]} 14. hxg3 {[%clk
1:15:27]} hxg6 {[%clk 1:32:10]} 15. Nd2 {[%clk 1:13:05]} g5 {[%clk 1:16:10]}
16. g4 {[%clk 1:01:18]} Ke7 {[%clk 1:14:35]} 17. Kf2 {[%clk 0:54:41]} Ne8
{[%clk 3:27:59]} 18. a4 {[%clk 0:45:05]} Nd6 19. a5 {[%clk 0:23:27]} g6 {[%clk
3:27:59]} 20. Rfe1 {[%clk 0:20:17]} f5 {[%clk 3:27:59]} 21. gxf5 {[%clk
0:20:17]} gxf5 {[%clk 3:27:59]} 22. Nb3 {[%clk 0:17:10]} b6 {[%clk 0:47:16]}
23. axb6 {[%clk 0:15:41]} axb6 {[%clk 0:47:23]} 24. Rxa8 {[%clk 0:11:18]} Rxa8
{[%clk 0:47:48]} 25. Ra1 {[%clk 0:11:38]} Rxa1 {[%clk 0:47:22]} 26. Nxa1 {[%clk
0:12:01]} Kf6 {[%clk 0:45:52]} 27. Nc2 {[%clk 0:07:57]} f4 {[%clk 0:40:09]} 28.
Na3 {[%clk 0:03:51]} e5 {[%clk 0:38:02]} 29. Nb5 {[%clk 0:02:48]} Nxb5 {[%clk
0:37:32]} 30. Bxb5 {[%clk 0:03:13]} Ne7 {[%clk 0:37:09]} 31. dxe5+ {[%clk
0:01:51]} Kxe5 {[%clk 0:37:34]} 32. Bd3 {[%clk 0:01:50]} d4 {[%clk 0:36:47]}
33. c4 {[%clk 0:00:58]} Kd6 {[%clk 0:36:38]} 34. g3 {[%clk 0:00:44]} Kc5 {[%clk
0:36:26]} 0-1

[Event "DEM U18 2021"]
[Site "Willingen GER"]
[Date "2021.08.23"]
[Round "2"]
[White "Popist, Florian"]
[Black "Weishäutel, Moritz"]
[Result "1-0"]
[Termination "normal"]
[Board "10"]
[WhiteElo "2077"]
[BlackElo "2270"]
[WhiteClock "00:18:20"]
[BlackClock "00:31:59"]
[PlyCount "105"]
[WhiteFideId "16203518"]
[BlackFideId "12967300"]
[EventCountry "GER"]
[EventRounds "9"]
[EventType "swiss"]
[EventDate "2021.08.22"]

1. e4 {[%clk 1:30:57]} e5 {[%clk 1:30:57]} 2. Nf3 {[%clk 1:31:19]} Nc6 {[%clk
1:31:24]} 3. d4 {[%clk 1:31:42]} exd4 {[%clk 1:31:49]} 4. Nxd4 {[%clk 1:32:07]}
Nf6 {[%clk 1:32:13]} 5. Nxc6 {[%clk 1:32:23]} bxc6 {[%clk 1:32:39]} 6. e5
{[%clk 1:32:35]} Qe7 {[%clk 1:33:02]} 7. Qe2 {[%clk 1:32:57]} Nd5 {[%clk
1:33:27]} 8. h4 {[%clk 1:33:07]} Qe6 {[%clk 1:32:57]} 9. g3 {[%clk 1:29:32]} d6
{[%clk 1:33:16]} 10. c4 {[%clk 1:27:31]} Nb6 {[%clk 1:33:41]} 11. exd6 {[%clk
1:25:20]} Bxd6 {[%clk 1:34:05]} 12. Be3 {[%clk 1:09:28]} O-O {[%clk 1:33:35]}
13. Nd2 {[%clk 1:08:00]} Re8 {[%clk 1:33:21]} 14. O-O-O {[%clk 0:52:59]} Bxg3
{[%clk 1:13:38]} 15. Nf3 {[%clk 0:38:32]} Ba6 16. Qc2 {[%clk 0:38:32]} Nxc4
{[%clk 0:43:33]} 17. Ng5 {[%clk 0:38:32]} Qg6 {[%clk 0:43:33]} 18. Bd3 {[%clk
0:38:32]} Nxe3 {[%clk 0:43:33]} 19. Bxg6 {[%clk 0:38:32]} Nxc2 20. Bxf7+ Kf8
21. Bxe8 {[%clk 0:38:32]} Bf4+ {[%clk 0:43:33]} 22. Kxc2 {[%clk 0:38:48]} Rxe8
23. Rhe1 {[%clk 0:37:26]} Be2 {[%clk 0:41:46]} 24. Rd4 {[%clk 0:32:22]} Bd6
{[%clk 0:38:03]} 25. Kd2 {[%clk 0:26:55]} Bh5 {[%clk 0:37:08]} 26. Nxh7+ {[%clk
0:26:31]} Kg8 {[%clk 0:36:02]} 27. Rxe8+ Bxe8 {[%clk 0:36:27]} 28. Ng5 {[%clk
0:27:07]} c5 {[%clk 0:36:19]} 29. Re4 {[%clk 0:25:50]} Bc6 {[%clk 0:36:46]} 30.
Re1 {[%clk 0:25:06]} g6 {[%clk 0:36:34]} 31. f3 {[%clk 0:18:04]} Bd5 {[%clk
0:34:04]} 32. a3 {[%clk 0:16:29]} Kg7 {[%clk 0:33:04]} 33. Ne4 {[%clk 0:15:20]}
Be5 {[%clk 0:32:57]} 34. Kc2 {[%clk 0:14:39]} Bd4 {[%clk 0:32:37]} 35. Rd1
{[%clk 0:09:46]} Bc4 {[%clk 0:31:23]} 36. Rd2 {[%clk 0:08:43]} Bb5 {[%clk
0:28:29]} 37. Rg2 {[%clk 0:07:57]} Kh6 {[%clk 0:26:25]} 38. Rg5 {[%clk
0:05:20]} Be2 {[%clk 0:26:49]} 39. Nd2 {[%clk 0:04:29]} c4 {[%clk 0:25:35]} 40.
Rd5 {[%clk 0:03:03]} Bd3+ {[%clk 0:10:43]} 41. Kc1 {[%clk 0:03:00]} Be3 {[%clk
0:09:07]} 42. Rd7 {[%clk 0:02:23]} Bf4 {[%clk 0:08:43]} 43. Rf7 {[%clk
0:30:04]} g5 {[%clk 0:37:21]} 44. Rf6+ {[%clk 0:26:49]} Kh5 {[%clk 0:37:47]}
45. hxg5 {[%clk 0:27:09]} Kxg5 {[%clk 0:37:10]} 46. Ra6 {[%clk 0:26:14]} Be3
{[%clk 0:35:08]} 47. Rc6 {[%clk 0:26:31]} Kf4 {[%clk 0:33:06]} 48. Rxc7 {[%clk
0:22:43]} Ke5 {[%clk 0:33:23]} 49. Re7+ {[%clk 0:21:16]} Kf4 {[%clk 0:33:41]}
50. Kd1 {[%clk 0:19:51]} Bd4 {[%clk 0:31:58]} 51. Nxc4 {[%clk 0:18:47]} Kxf3
{[%clk 0:31:33]} 52. Ne5+ {[%clk 0:18:14]} Ke4 {[%clk 0:31:59]} 53. Nc6+ {[%clk
0:18:20]} 1-0

[Event "DEM U18 2021"]
[Site "Willingen GER"]
[Date "2021.08.23"]
[Round "2"]
[White "Knüdel, Torben"]
[Black "Mankel, Luca"]
[Result "1-0"]
[Termination "normal"]
[Board "11"]
[WhiteElo "2171"]
[BlackElo "1916"]
[WhiteClock "00:08:43"]
[BlackClock "00:42:01"]
[PlyCount "101"]
[WhiteFideId "16208820"]
[BlackFideId "16253876"]
[EventCountry "GER"]
[EventRounds "9"]
[EventType "swiss"]
[EventDate "2021.08.22"]

1. e4 {[%clk 1:30:57]} e5 {[%clk 1:30:56]} 2. Nf3 {[%clk 1:31:22]} Nc6 {[%clk
1:31:25]} 3. Bb5 {[%clk 1:31:45]} f5 {[%clk 1:31:52]} 4. Nc3 {[%clk 1:30:03]}
fxe4 {[%clk 1:32:18]} 5. Nxe4 {[%clk 1:30:29]} Nf6 {[%clk 1:32:45]} 6. Nxf6+
{[%clk 1:25:19]} Qxf6 {[%clk 1:33:08]} 7. Qe2 {[%clk 1:22:51]} Be7 {[%clk
1:33:33]} 8. Bxc6 {[%clk 1:15:46]} bxc6 {[%clk 1:33:57]} 9. Qxe5 {[%clk
1:13:16]} d6 {[%clk 1:34:14]} 10. Qxf6 {[%clk 1:13:10]} Bxf6 {[%clk 1:34:43]}
11. d4 {[%clk 1:07:48]} Bg4 {[%clk 1:31:39]} 12. Be3 {[%clk 1:03:51]} Bxf3
{[%clk 1:31:02]} 13. gxf3 {[%clk 1:04:19]} Rb8 {[%clk 1:29:47]} 14. b3 {[%clk
0:53:24]} Kd7 {[%clk 1:26:57]} 15. O-O-O {[%clk 0:46:36]} Rb5 {[%clk 1:23:50]}
16. Rdg1 {[%clk 0:42:13]} Rf8 {[%clk 1:19:01]} 17. Rg3 Rh5 {[%clk 1:15:45]} 18.
Kd2 {[%clk 0:37:13]} g6 {[%clk 1:14:18]} 19. Ke2 {[%clk 0:18:20]} d5 {[%clk
1:14:18]} 20. c3 {[%clk 0:18:20]} Be7 21. Rg4 {[%clk 0:17:53]} Rhf5 {[%clk
1:03:47]} 22. h4 Rxf3 {[%clk 1:02:08]} 23. h5 {[%clk 0:18:16]} g5 {[%clk
0:58:20]} 24. h6 {[%clk 0:17:12]} R8f5 {[%clk 0:49:09]} 25. Rh5 {[%clk
0:15:41]} Kd6 {[%clk 0:44:27]} 26. Rg3 {[%clk 0:14:13]} g4 {[%clk 0:37:31]} 27.
Rxf5 {[%clk 0:14:35]} Rxf5 {[%clk 0:37:59]} 28. Rxg4 {[%clk 0:14:57]} Ke6
{[%clk 0:38:23]} 29. Rg7 {[%clk 0:05:13]} Rf7 {[%clk 0:38:44]} 30. Rxf7 {[%clk
0:05:38]} Kxf7 {[%clk 0:39:13]} 31. Kf3 {[%clk 0:05:49]} Kg6 {[%clk 0:39:01]}
32. Kg4 {[%clk 0:06:01]} Bf8 {[%clk 0:32:32]} 33. Bf4 {[%clk 0:06:21]} a6
{[%clk 0:29:27]} 34. b4 {[%clk 0:04:16]} Kf6 {[%clk 0:26:51]} 35. Bg5+ {[%clk
0:04:03]} Kg6 {[%clk 0:25:28]} 36. f4 {[%clk 0:03:38]} Bd6 {[%clk 0:24:54]} 37.
f5+ {[%clk 0:03:49]} Kf7 {[%clk 0:25:21]} 38. Bf4 {[%clk 0:03:02]} Bf8 {[%clk
0:25:30]} 39. Kg5 {[%clk 0:03:03]} Be7+ {[%clk 0:23:01]} 40. Kh5 {[%clk
0:02:52]} Bf8 {[%clk 0:20:48]} 41. Be5 {[%clk 0:02:39]} Be7 {[%clk 0:21:00]}
42. Bxc7 {[%clk 0:02:19]} Bf8 {[%clk 0:20:00]} 43. Bf4 {[%clk 0:01:37]} Be7
{[%clk 0:19:28]} 44. Be5 {[%clk 0:01:18]} Bd8 {[%clk 0:19:42]} 45. Kg4 {[%clk
0:29:22]} Be7 {[%clk 0:47:23]} 46. Kf4 {[%clk 0:28:57]} Bd8 {[%clk 0:46:34]}
47. a3 {[%clk 0:14:14]} Bh4 {[%clk 0:45:47]} 48. Ke3 {[%clk 0:13:32]} Bg5+
{[%clk 0:45:12]} 49. Kd3 {[%clk 0:09:12]} Bxh6 {[%clk 0:45:30]} 50. c4 {[%clk
0:08:43]} Bf8 {[%clk 0:42:01]} 51. c5 1-0

[Event "DEM U18 2021"]
[Site "Willingen GER"]
[Date "2021.08.23"]
[Round "2"]
[White "Zackrisson, Peter"]
[Black "Biermann, Lenhard"]
[Result "1-0"]
[Termination "normal"]
[Board "12"]
[WhiteElo "1965"]
[BlackElo "2160"]
[WhiteClock "00:50:33"]
[BlackClock "00:20:13"]
[PlyCount "91"]
[WhiteFideId "16282078"]
[BlackFideId "12970077"]
[EventCountry "GER"]
[EventRounds "9"]
[EventType "swiss"]
[EventDate "2021.08.22"]

1. e4 {[%clk 1:30:58]} e6 {[%clk 1:30:54]} 2. d4 {[%clk 1:30:42]} d5 {[%clk
1:31:20]} 3. Nd2 {[%clk 1:30:58]} h6 {[%clk 1:31:37]} 4. Ngf3 {[%clk 1:30:46]}
Nf6 {[%clk 1:31:45]} 5. e5 {[%clk 1:31:06]} Nfd7 {[%clk 1:32:13]} 6. Bd3 {[%clk
1:31:22]} c5 {[%clk 1:32:32]} 7. c3 {[%clk 1:31:45]} Nc6 {[%clk 1:32:47]} 8.
O-O {[%clk 1:32:01]} g5 {[%clk 1:32:53]} 9. b3 {[%clk 1:32:24]} Bg7 {[%clk
1:31:41]} 10. Bb2 {[%clk 1:32:33]} a5 {[%clk 1:16:40]} 11. a4 {[%clk 1:29:06]}
cxd4 {[%clk 1:07:13]} 12. cxd4 {[%clk 1:29:06]} Nb4 {[%clk 1:07:00]} 13. Ne1
{[%clk 1:25:53]} Nxd3 {[%clk 1:02:52]} 14. Nxd3 {[%clk 1:26:10]} Nf8 {[%clk
0:49:38]} 15. f4 b6 {[%clk 0:45:13]} 16. Qf3 {[%clk 1:03:49]} Ra7 {[%clk
0:18:26]} 17. b4 {[%clk 1:03:49]} axb4 18. Nxb4 {[%clk 0:56:56]} Qd7 19. f5
exf5 {[%clk 0:18:26]} 20. Qxd5 {[%clk 0:56:45]} Bb7 {[%clk 0:06:08]} 21. Qxd7+
{[%clk 0:56:02]} Nxd7 {[%clk 0:06:36]} 22. Rxf5 {[%clk 0:55:48]} O-O {[%clk
0:06:50]} 23. Nc4 {[%clk 0:53:05]} Rfa8 {[%clk 0:04:51]} 24. Raf1 {[%clk
0:27:26]} Rxa4 {[%clk 0:04:22]} 25. Bc3 {[%clk 0:27:48]} Ba6 {[%clk 0:03:27]}
26. Rxf7 {[%clk 0:24:43]} Bxc4 {[%clk 0:03:39]} 27. Rxd7 {[%clk 0:25:05]} Bxf1
{[%clk 0:04:07]} 28. Kxf1 {[%clk 0:25:27]} R4a7 {[%clk 0:01:02]} 29. Rxa7
{[%clk 0:21:56]} Rxa7 {[%clk 0:01:31]} 30. d5 {[%clk 0:22:14]} Kf8 {[%clk
0:01:27]} 31. Nc6 {[%clk 0:22:04]} Ra4 {[%clk 0:01:19]} 32. d6 {[%clk 0:21:31]}
Rf4+ {[%clk 0:00:43]} 33. Kg1 {[%clk 0:21:25]} Bxe5 {[%clk 0:00:34]} 34. Nxe5
{[%clk 0:20:42]} Ke8 {[%clk 0:00:58]} 35. g3 {[%clk 0:20:27]} Rf6 {[%clk
0:01:03]} 36. d7+ {[%clk 0:20:16]} Kd8 {[%clk 0:01:25]} 37. Bd4 {[%clk
0:19:55]} Re6 {[%clk 0:00:37]} 38. Kf2 {[%clk 0:20:04]} Ke7 {[%clk 0:00:35]}
39. Ke3 {[%clk 0:20:01]} Kd8 {[%clk 0:00:42]} 40. Ke4 {[%clk 0:19:42]} Ke7
{[%clk 0:00:58]} 41. Bc3 {[%clk 0:19:26]} Rf6 {[%clk 0:24:26]} 42. Bb4+ {[%clk
0:49:29]} Kd8 {[%clk 0:24:49]} 43. Kd5 {[%clk 0:49:45]} g4 {[%clk 0:22:53]} 44.
Bd6 {[%clk 0:49:58]} b5 {[%clk 0:20:29]} 45. Bb4 {[%clk 0:50:12]} Ra6 {[%clk
0:20:13]} 46. Nc6+ {[%clk 0:50:33]} 1-0

[Event "DEM U18 2021"]
[Site "Willingen GER"]
[Date "2021.08.23"]
[Round "2"]
[White "Bethke, Robert"]
[Black "Unbehend, Marius"]
[Result "1-0"]
[Termination "normal"]
[Board "13"]
[WhiteElo "2100"]
[BlackElo "1572"]
[WhiteClock "01:00:48"]
[BlackClock "00:10:09"]
[PlyCount "61"]
[WhiteFideId "12959251"]
[BlackFideId "16214420"]
[EventCountry "GER"]
[EventRounds "9"]
[EventType "swiss"]
[EventDate "2021.08.22"]

1. d4 {[%clk 1:30:57]} e6 {[%clk 1:30:47]} 2. c4 {[%clk 1:31:13]} Nf6 {[%clk
1:31:09]} 3. Nc3 {[%clk 1:31:28]} d5 {[%clk 1:31:32]} 4. Nf3 {[%clk 1:31:41]}
c6 {[%clk 1:31:47]} 5. e3 {[%clk 1:30:17]} Nbd7 {[%clk 1:31:32]} 6. Qc2 {[%clk
1:30:18]} Bb4 {[%clk 1:27:39]} 7. Bd2 {[%clk 1:30:01]} O-O {[%clk 1:27:01]} 8.
Bd3 {[%clk 1:30:17]} Nb6 {[%clk 1:20:53]} 9. c5 {[%clk 1:30:19]} Nbd7 {[%clk
1:19:01]} 10. a3 {[%clk 1:29:20]} Ba5 {[%clk 1:18:24]} 11. O-O {[%clk 1:26:26]}
Bc7 {[%clk 1:17:33]} 12. e4 {[%clk 1:26:39]} dxe4 {[%clk 1:10:38]} 13. Nxe4
{[%clk 1:25:12]} Nxe4 {[%clk 0:57:01]} 14. Bxe4 {[%clk 1:25:29]} h6 {[%clk
0:56:44]} 15. Rfe1 {[%clk 1:24:38]} Nf6 {[%clk 0:54:38]} 16. Bd3 {[%clk
1:23:53]} Nd5 {[%clk 0:54:27]} 17. Ne5 {[%clk 1:23:39]} Bxe5 {[%clk 0:43:46]}
18. dxe5 {[%clk 1:23:31]} Qc7 {[%clk 0:42:58]} 19. Qc4 {[%clk 1:21:09]} f5
{[%clk 0:33:42]} 20. exf6 {[%clk 1:20:52]} Rxf6 {[%clk 0:33:50]} 21. Qe4 {[%clk
1:19:22]} Bd7 22. g3 {[%clk 1:11:46]} Be8 {[%clk 0:26:24]} 23. Qh7+ {[%clk
1:09:48]} Kf8 {[%clk 0:25:14]} 24. Bc4 {[%clk 1:06:04]} Rd8 {[%clk 0:21:16]}
25. Qh8+ {[%clk 1:01:57]} Kf7 {[%clk 0:20:33]} 26. Be2 {[%clk 1:00:57]} Ne7
{[%clk 0:12:49]} 27. Bh5+ {[%clk 1:00:44]} Ng6 {[%clk 0:12:38]} 28. Bxh6 {[%clk
1:00:43]} Ke7 {[%clk 0:11:33]} 29. Qxg7+ {[%clk 1:00:49]} Rf7 {[%clk 0:11:12]}
30. Qxg6 {[%clk 1:00:48]} Rxf2 {[%clk 0:10:09]} 31. Qxe6# 1-0

[Event "DEM U18 2021"]
[Site "Willingen GER"]
[Date "2021.08.23"]
[Round "2"]
[White "Wander, Dennis"]
[Black "Mooser, Nicolas"]
[Result "1-0"]
[Termination "normal"]
[Board "14"]
[WhiteElo "1610"]
[BlackElo "2107"]
[WhiteClock "00:56:49"]
[BlackClock "00:04:01"]
[PlyCount "59"]
[WhiteFideId "16276523"]
[BlackFideId "12979406"]
[EventCountry "GER"]
[EventRounds "9"]
[EventType "swiss"]
[EventDate "2021.08.22"]

1. e4 {[%clk 1:30:57]} c5 {[%clk 1:30:52]} 2. Nf3 {[%clk 1:31:21]} e6 {[%clk
1:31:15]} 3. d4 {[%clk 1:31:44]} cxd4 {[%clk 1:31:40]} 4. Nxd4 {[%clk 1:32:05]}
Nc6 {[%clk 1:32:05]} 5. Nc3 {[%clk 1:32:27]} Qc7 {[%clk 1:32:30]} 6. g4 {[%clk
1:32:50]} a6 {[%clk 1:28:22]} 7. Be3 {[%clk 1:33:09]} b5 {[%clk 1:17:26]} 8.
Nxc6 {[%clk 1:33:29]} Qxc6 {[%clk 1:15:54]} 9. Qd2 {[%clk 1:33:31]} Bb7 {[%clk
1:11:04]} 10. O-O-O {[%clk 1:31:30]} Nf6 {[%clk 0:56:05]} 11. g5 {[%clk
1:29:41]} b4 {[%clk 0:47:00]} 12. Qd4 {[%clk 1:16:34]} Rc8 {[%clk 0:35:08]} 13.
gxf6 bxc3 {[%clk 0:26:06]} 14. fxg7 {[%clk 1:07:20]} cxb2+ {[%clk 0:26:21]} 15.
Qxb2 {[%clk 1:07:35]} Bxg7 {[%clk 0:26:37]} 16. Bd4 {[%clk 1:07:26]} Bxd4
{[%clk 0:26:39]} 17. Rxd4 {[%clk 1:07:47]} Rg8 {[%clk 0:12:22]} 18. Rc4 {[%clk
1:07:33]} Qd6 {[%clk 0:06:10]} 19. Qxb7 {[%clk 1:07:23]} Qf4+ {[%clk 0:06:27]}
20. Kb1 {[%clk 1:07:20]} Rd8 {[%clk 0:06:09]} 21. Rc8 {[%clk 0:59:05]} Ke7
{[%clk 0:05:33]} 22. Qb4+ {[%clk 0:58:50]} Kf6 {[%clk 0:03:29]} 23. e5+ {[%clk
0:56:06]} Qxe5 {[%clk 0:03:21]} 24. Rxd8 {[%clk 0:56:01]} Rxd8 {[%clk 0:03:40]}
25. Qh4+ {[%clk 0:56:11]} Qg5 {[%clk 0:02:50]} 26. Qxg5+ {[%clk 0:56:24]} Kxg5
{[%clk 0:03:20]} 27. Rg1+ {[%clk 0:56:05]} Kf6 {[%clk 0:03:20]} 28. Bxa6 {[%clk
0:56:21]} Rb8+ {[%clk 0:03:38]} 29. Kc1 {[%clk 0:56:31]} d5 {[%clk 0:04:01]}
30. a4 {[%clk 0:56:49]} 1-0